[Event "Thessaloniki ol (Men)"]
[Site "Thessaloniki"]
[Date "1988.??.??"]
[Round "4"]
[White "Gouveia, Carlos Eduardo"]
[Black "Geenen, Marc"]
[Result "1/2-1/2"]
[WhiteElo "2410"]
[BlackElo "2325"]

1.g3 e5 2.c4 Nf6 3.Bg2 d5 4.cxd5 Nxd5 5.Nc3 Nb6 6.Nf3 Nc6 7.O-O Be7 8.d3 O-O
9.Be3 f5 10.b4 Bf6 11.Rc1 Be6 12.Na4 Nxb4 13.Nc5 Bd5 14.a3 Na6 15.Nxa6 bxa6
16.Qc2 Rf7 17.Qc5 Qd7 18.Qa5 h6 19.Rc5 c6 20.Rfc1 g5 21.R5c2 g4 22.Ne1 Bg5
23.Bxg5 hxg5 24.e4 fxe4 25.dxe4 Bb3 26.Rd2 Qe8 27.Qc5 Ba4 28.Rd6 Nd7 29.Rg6+ Kh7
30.Qd6 Qf8 31.Qe6 Re8 32.Rh6+ Kg8 33.Qd6 Qxd6 34.Rxd6 Nb6 35.Nd3 Bb5 36.Nc5 Nc4
37.Rg6+ Rg7 38.Rxg7+ Kxg7 39.a4 Kg6 40.axb5 axb5 41.Rd1 Rc8 42.Bf1 Nb6 43.Rd6+ Kf7
44.Be2 a5 45.Bxg4 Rc7 46.Bf5 a4 47.h4 gxh4 48.gxh4 b4 49.Rd3 b3 50.Nxb3 axb3
51.Rxb3 Nc4 52.h5 Kg7 53.Kg2 Kh6 54.Bg6 Nd6 55.Rd3 Nf7 56.Bxf7 Rxf7 57.Rd6+ Kxh5
58.Re6 Kg5 59.Rxe5+ Kf4 60.Re8 Rg7+ 61.Kf1 Ra7  1/2-1/2

[Event "Thessaloniki ol (Men)"]
[Site "Thessaloniki"]
[Date "1988.??.??"]
[Round "5"]
[White "Lim, Jeremy"]
[Black "Ebeling, Mika"]
[Result "1/2-1/2"]
[WhiteElo "2200"]
[BlackElo "2310"]

1.c4 e5 2.g3 Nf6 3.Bg2 Nc6 4.Nf3 d5 5.cxd5 Nxd5 6.O-O Be7 7.Nc3 Be6 8.d4 exd4
9.Nxd4 Nxc3 10.bxc3 Nxd4 11.cxd4 c6 12.Rb1 Qd7 13.Qc2 O-O 14.Rd1 Rfd8 15.a4 Bf6
16.Bb2 Rac8 17.e4 g6 18.Ba1 Qe7 19.h3 Bg7 20.Bc3 Rd7 21.Qb2 Rcd8 22.Rd2 f5
23.exf5 Bxf5 24.Re2 Qxe2 25.Qxe2 Bxb1 26.Kh2 Kh8 27.Qc4 Rd6 28.g4 Bxd4 29.Bxd4+ Rxd4
30.Qb3 Be4 31.Qxb7 Bxg2 32.Kxg2 Rxa4 33.Qxc6 Rad4 34.Qf6+ Kg8 35.Qe6+ Kh8
36.Qf6+ Kg8 37.Qe6+  1/2-1/2

[Event "Thessaloniki ol (Men)"]
[Site "Thessaloniki"]
[Date "1988.??.??"]
[Round "5"]
[White "Piasetski, Leon David"]
[Black "Abdennabi, Imed"]
[Result "1-0"]
[WhiteElo "2420"]
[BlackElo "2200"]

1.c4 e5 2.g3 Nc6 3.Bg2 g6 4.Nc3 Bg7 5.Rb1 a5 6.a3 d6 7.b4 axb4 8.axb4 f5
9.d3 Nf6 10.Bd2 O-O 11.Qc1 Nd4 12.e3 Ne6 13.Nge2 g5 14.O-O h5 15.f4 exf4
16.gxf4 gxf4 17.Nxf4 Nxf4 18.Rxf4 Kh7 19.Qc2 Bh6 20.Rff1 Ng4 21.Nd5 c6 22.Nf4 Rg8
23.Rbe1 Qh4 24.h3 Ne5 25.Bc3 Ra3 26.c5 Qg3 27.Bb2 Nf3+ 28.Rxf3 Qxe1+ 29.Kh2 Bxf4+
30.exf4 Ra2 31.Rf2 Be6 32.cxd6 Qxb4 33.Qe2 Bf7 34.Qe5 Qb3 35.d7 Qe6 36.d8=Q Qxe5
37.Qxg8+ Bxg8 38.fxe5 Kg6 39.Bf3 Bf7 40.Rg2+ Kh7 41.Kg3 Bg6 42.Kf4 Ra4+ 43.Kg5 f4
44.d4 Rb4 45.Kxf4 c5 46.Be4 Bxe4 47.Kxe4 cxd4 48.Bxd4 Rb3 49.e6 Ra3 50.e7 Ra8
51.Kf5  1-0

[Event "Thessaloniki ol (Men)"]
[Site "Thessaloniki"]
[Date "1988.??.??"]
[Round "11"]
[White "Afifi, Assem"]
[Black "Yrjola, Jouni"]
[Result "1/2-1/2"]
[WhiteElo "2380"]
[BlackElo "2455"]

1.c4 e5 2.g3 Nf6 3.Bg2 c6 4.d4 exd4 5.Qxd4 d5 6.Nc3 dxc4 7.Qxc4 Be6 8.Qa4 Nbd7
9.Nf3 Nb6 10.Qc2 Be7 11.O-O O-O 12.Rd1 Qc8 13.Ng5 Bg4 14.h3 Bh5 15.g4 Bg6
16.e4 h5 17.gxh5 Nxh5 18.Qe2 Qc7 19.Qg4 Nf6 20.Qh4 Rad8 21.Bf4 Qc8 22.Bf3 Rxd1+
23.Rxd1 Rd8 24.e5 Rxd1+ 25.Bxd1 Nh7 26.Qg3 Nxg5 27.Bxg5 Bxg5 28.Qxg5 Qxh3
29.Bg4 Qh6 30.Qd8+ Kh7 31.e6 fxe6 32.Bxe6 Qf4 33.Ne2 Qf6 34.Qg8+ Kh6 35.Qh8+ Bh7
36.Bg8 Qg6+ 37.Ng3 Nd5 38.Bxh7 Qxh7 39.Nf5+ Kg6  1/2-1/2

[Event "Tirnavia-C"]
[Site "Trnava"]
[Date "1988.??.??"]
[Round "10"]
[White "Raicevic, Momcilo"]
[Black "Minich, Peter"]
[Result "1-0"]
[WhiteElo "2365"]
[BlackElo "2200"]

1.c4 e5 2.g3 Nf6 3.Bg2 d5 4.cxd5 Nxd5 5.Nc3 Nb6 6.Nf3 Nc6 7.O-O Be7 8.a3 Be6
9.b4 f5 10.d3 Bf6 11.Bd2 Nd4 12.Nxd4 exd4 13.Na4 c6 14.Nc5 Qc8 15.Rc1 O-O
16.e4 dxe3 17.fxe3 Be7 18.b5 Bd5 19.Bxd5+ cxd5 20.Qf3 Bxc5 21.d4 Qe6 22.Rxc5 Nc4
23.Bb4 Qxe3+ 24.Qxe3 Nxe3 25.Re1 Rfe8 26.Rc7 b6 27.Bd6 Nc4 28.Be5 Nxe5 29.dxe5 Rac8
30.Rd7 Red8 31.e6 d4 32.Kf2 d3 33.Kf3 d2 34.Rd1 Rxd7 35.exd7 Rd8 36.Rxd2 Kf7
37.Kf4 Kf6 38.h4 g6 39.Rd3 Ke6 40.Kg5 Rxd7 41.Rxd7 Kxd7 42.Kh6 Ke7 43.Kxh7 Kf7
44.Kh6 Kf6 45.a4 Kf7 46.Kg5 Kg7 47.h5 gxh5 48.Kxf5 Kh6 49.Kf6 h4 50.gxh4 Kh5
51.Ke6 Kxh4 52.Kd7  1-0

[Event "Val Maubuee"]
[Site "Val Maubuee"]
[Date "1988.??.??"]
[Round "?"]
[White "Mercier, Jean Pierre"]
[Black "Dussol, Pierre"]
[Result "1/2-1/2"]
[WhiteElo "2245"]
[BlackElo "2240"]

1.c4 e5 2.g3 Nc6 3.Nf3 Nf6 4.Bg2 Bc5 5.Nxe5 Nxe5 6.O-O Nc6 7.e3 Be7 8.Nc3 O-O
9.d4 d6 10.b3 Re8 11.d5 Ne5 12.f4 Ng6 13.Bb2 Bf8 14.e4 c6 15.Kh1 cxd5 16.cxd5 Bd7
17.Qd3 Rc8 18.Rae1 Qa5 19.a3 b5 20.b4 Qb6 21.Ne2 Rc4 22.Nd4 a5 23.bxa5 Qxa5
24.h3 Be7 25.e5 Nh5 26.e6 fxe6 27.dxe6 Bc8 28.Nc6 Qc7 29.Nxe7+ Qxe7 30.f5 Ne5
31.Bxe5 dxe5 32.Rxe5 Qc7 33.Re3 Bb7 34.Qd7 Bxg2+ 35.Kxg2 Nf6 36.Qxc7 Rxc7
37.Rb1 Rc2+ 38.Kf3 Nd5 39.Reb3 Nc3 40.Re1 Kf8 41.Re3 Rc8 42.Rd3 Rc7 43.g4 Ke7
44.Rb4 Kf6  1/2-1/2

[Event "FRA-ch"]
[Site "Val Thorens"]
[Date "1988.??.??"]
[Round "5"]
[White "Lecuyer, Christian"]
[Black "Kappler, Jean Marie"]
[Result "1-0"]
[WhiteElo "2320"]
[BlackElo "2270"]

1.c4 e5 2.g3 c6 3.d4 exd4 4.Qxd4 d5 5.Nf3 Nf6 6.cxd5 cxd5 7.Bg2 Nc6 8.Qa4 Bc5
9.O-O O-O 10.Bg5 h6 11.Bxf6 Qxf6 12.Nc3 Qe7 13.e3 Rd8 14.Rad1 Be6 15.Rd2 Bb4
16.Rc1 Na5 17.Qb5 Rac8 18.Rdd1 Bxc3 19.Rxc3 Rxc3 20.bxc3 Qc7 21.Nd4 Bd7 22.Qb4 Be6
23.Nxe6 fxe6 24.e4 dxe4 25.Rxd8+ Qxd8 26.Bxe4 b6 27.Qb5 Qd1+ 28.Kg2 Kf7 29.Qe5 Qd7
30.h4 Nc4 31.Qf4+ Ke7 32.Qb8 Nd6 33.Bf3 e5 34.Qg8 Kf6 35.Qf8+ Kg6 36.h5+ Kg5
37.Be2 Nf5 38.Qb8 Kf6 39.Qf8+ Qf7 40.Qd8+ Qe7 41.Qd5 Qe6 42.Qe4 Nd6 43.Qg6+ Ke7
44.Qxg7+ Kd8 45.Qxa7  1-0

[Event "Warsaw"]
[Site "Warsaw"]
[Date "1988.??.??"]
[Round "12"]
[White "Marszalek, Rafal"]
[Black "Briestensky, Rastislav"]
[Result "1-0"]
[WhiteElo "2310"]
[BlackElo "2245"]

1.c4 e5 2.g3 Nc6 3.Bg2 g6 4.e4 Bg7 5.Nc3 d6 6.Nge2 Nge7 7.d3 O-O 8.O-O f5
9.Nd5 fxe4 10.dxe4 Bg4 11.f3 Be6 12.Be3 b6 13.Qd2 Qd7 14.Rad1 a5 15.b3 Nd8
16.Nec3 Nf7 17.a3 Ra7 18.Rc1 Rb7 19.Nxe7+ Qxe7 20.Nd5 Qd7 21.Rfd1 Rfb8 22.Bf1 Rf8
23.Be2 Nd8 24.b4 axb4 25.axb4 Nc6 26.c5 bxc5 27.bxc5 Rbb8 28.cxd6 cxd6 29.Rc2 Nd4
30.Bxd4 exd4  1-0

[Event "Aarhus-D"]
[Site "Aarhus"]
[Date "1989.??.??"]
[Round "5"]
[White "Sorensen, Torben"]
[Black "Kroll, Ove"]
[Result "0-1"]
[WhiteElo "2345"]
[BlackElo "2335"]

1.c4 e5 2.g3 d6 3.Bg2 f5 4.Nc3 Nf6 5.d3 Be7 6.Nf3 O-O 7.O-O Qe8 8.Rb1 a5
9.a3 a4 10.b4 axb3 11.Qxb3 Kh8 12.c5 Na6 13.cxd6 Bxd6 14.Nb5 Nc5 15.Qc2 Ra5
16.Nxd6 cxd6 17.d4 exd4 18.Nxd4 Nfe4 19.Bf4 Rxa3 20.f3 Nc3 21.Bxd6 Nxb1 22.Qxc5 Rc3
23.Qb4 Qe3+ 24.Kh1 Rd8 25.Rxb1 Rc1+ 26.Bf1 Rxb1 27.Qxb1 Qxd4 28.Be7 Qd1  0-1

[Event "Aarhus op"]
[Site "Aarhus"]
[Date "1989.??.??"]
[Round "6"]
[White "Jacobsen, Bo"]
[Black "Christensen, J."]
[Result "1/2-1/2"]
[WhiteElo "2290"]
[BlackElo "2255"]

1.g3 e5 2.c4 Nf6 3.Nc3 d5 4.cxd5 Nxd5 5.Bg2 Nb6 6.d3 Be7 7.a3 O-O 8.Be3 Nc6
9.Rc1 Be6 10.Nf3 f5 11.Na4 e4 12.Nd2 exd3 13.Nc5 dxe2 14.Qxe2 Bd5 15.Nf3 Qe8
16.Nxb7 Qf7 17.Nc5 Rae8 18.Nd3 Bf6  1/2-1/2

[Event "Aarhus op"]
[Site "Aarhus"]
[Date "1989.??.??"]
[Round "8"]
[White "Jacobsen, Bo"]
[Black "Crawley, Gavin"]
[Result "0-1"]
[WhiteElo "2290"]
[BlackElo "2385"]

1.c4 e5 2.g3 g6 3.d4 exd4 4.Qxd4 Nf6 5.Nc3 Nc6 6.Qd2 Bg7 7.Bg2 a6 8.b3 b5
9.Bb2 bxc4 10.bxc4 O-O 11.Rd1 Bb7 12.Nd5 Re8 13.Nh3 Rb8 14.O-O Ne5 15.Bxe5 Rxe5
16.Nxf6+ Bxf6 17.Bxb7 Rxb7 18.Nf4 Rc5 19.Rc1 Bg5 20.Rc3 d6 21.Rb3 Rxb3 22.axb3 Qb8
23.Qc3 Bxf4 24.gxf4 Qc8 25.Ra1 Qg4+ 26.Kf1 Qxf4 27.Rxa6 f6 28.f3 Re5 29.Ra5 Qxh2
30.Rxe5 fxe5 31.c5 Qh1+ 32.Kf2 Qh4+ 33.Ke3 Qd4+ 34.Qxd4 exd4+ 35.Kxd4 dxc5+
36.Kxc5 Kf7 37.Kd4 Kf6 38.Ke3 g5 39.f4 gxf4+ 40.Kxf4 c5  0-1

[Event "Athens op"]
[Site "Athens"]
[Date "1989.??.??"]
[Round "?"]
[White "Spiridonov, Nikola"]
[Black "Skembris, Spyridon"]
[Result "0-1"]
[WhiteElo "2390"]
[BlackElo "2455"]

1.c4 e5 2.g3 Nf6 3.Bg2 Nc6 4.d3 g6 5.Nc3 Bg7 6.Rb1 a5 7.a3 O-O 8.b4 axb4
9.axb4 d6 10.Nf3 Nd4 11.Bg5 h6 12.Bxf6 Qxf6 13.Nxd4 exd4 14.Ne4 Qe7 15.O-O Bg4
16.Re1 Rfe8 17.b5 Ra2 18.Ra1 Rea8 19.Rxa2 Rxa2 20.Nd2 Qg5 21.Nb3 b6 22.h3 Be6
23.Qb1 Ra7 24.h4 Qe5 25.Qb2 Bg4 26.Na1 Qh5 27.Nc2 Bxe2 28.Nb4 Bf3 29.Nc6 Ra8
30.Bxf3 Qxf3 31.Qe2 Qxe2 32.Rxe2 Ra1+ 33.Kg2 Rd1 34.Re8+ Kh7 35.Nb4 Rb1 36.Nd5 Rb3
37.Re7 Rxd3 38.Rxf7 h5 39.Rxc7 Rc3 40.Nxc3 dxc3  0-1

[Event "Athens op"]
[Site "Athens"]
[Date "1989.??.??"]
[Round "?"]
[White "Spiridonov, Nikola"]
[Black "Keitlinghaus, Ludger"]
[Result "1/2-1/2"]
[WhiteElo "2390"]
[BlackElo "2410"]

1.c4 e5 2.g3 c6 3.d4 d6 4.Nc3 Nf6 5.Bg2 Be7 6.e4 O-O 7.Nf3 Bg4 8.h3 Bxf3
9.Bxf3 c5 10.d5 Nbd7 11.O-O Ne8 12.Bg4 g6 13.Bh6 Ng7 14.Qd3 Nf6 15.f4 Nfe8
16.fxe5 dxe5 17.h4 a6 18.a4 Nd6 19.a5 Kh8 20.b3 Rg8 21.Kh2 Qc7 22.Bh3 Raf8
23.Ra2 f5 24.Raf2 Qxa5 25.exf5 gxf5 26.Bxg7+ Rxg7 27.Bxf5 Rgf7 28.Nd1 Qd8
29.Be6 Rxf2+ 30.Rxf2 Rxf2+ 31.Nxf2 Qf8 32.Qe3 e4 33.Kg2 b6 34.Nxe4 Nxe4 35.Qxe4 Bd6
36.Qf5 Qxf5 37.Bxf5 Kg7 38.Kf3 h6 39.Bc8 a5 40.g4 Kf6 41.Ke4 Kg6 42.Bf5+ Kf6
43.g5+ hxg5 44.h5 b5 45.Bd7 bxc4 46.bxc4 Bc7 47.Kf3 Bd6 48.Kg4 Bf8 49.Ba4 Bd6
50.Bd1 Bf8 51.Kf3 Ke5 52.Kg4 Kf6  1/2-1/2

[Event "AUT-ch"]
[Site "?"]
[Date "1989.??.??"]
[Round "6"]
[White "Klinger, Josef"]
[Black "Fauland, Alexander"]
[Result "1/2-1/2"]
[WhiteElo "2475"]
[BlackElo "2450"]

1.c4 e5 2.g3 Nc6 3.Bg2 g6 4.Nc3 Bg7 5.e3 d6 6.Nge2 Nge7 7.Rb1 O-O 8.b4 a6
9.O-O f5 10.d3 Kh8 11.a4 a5 12.b5 Nb4 13.Nd5 Nbxd5 14.cxd5 g5 15.f4 gxf4
16.exf4 Bd7 17.Be3 Be8 18.Rc1 Bf7 19.fxe5 dxe5 20.Bg5 Qd6 21.Bxe7 Qxe7 22.Qc2 Bh5
23.Bf3 Bxf3 24.Rxf3 Rf7 25.Rcf1 Raf8 26.Qc4 Bh6 27.Qc3 Kg8 28.d4  1/2-1/2

[Event "AUT-chT"]
[Site "?"]
[Date "1989.??.??"]
[Round "?"]
[White "Duer, Arne"]
[Black "Eisterer, Heinrich"]
[Result "1/2-1/2"]
[WhiteElo "2390"]
[BlackElo "2300"]

1.c4 e5 2.g3 Nf6 3.Bg2 Bc5 4.Nc3 O-O 5.e3 d6 6.Nge2 c6 7.O-O Re8 8.d4 Bb6
9.h3 Nbd7 10.a3 Nf8 11.b4 Ng6 12.Bb2 Be6 13.d5 cxd5 14.cxd5 Bd7 15.e4 Rc8
16.Rc1 Qe7 17.Qb3 Rc7 18.a4 a6 19.Ba3 Rec8 20.a5 Ba7 21.Rc2 b5 22.axb6 Bxb6
23.Rfc1 h5 24.Nd1 Bb5 25.Rxc7 Rxc7 26.Rxc7 Qxc7 27.Nec3 Bc4 28.Qc2 h4 29.Na4 Bb5
30.Qxc7 Bxc7 31.Ndc3 Bd3 32.Nb2 Bc2 33.Nc4 Bd3  1/2-1/2

[Event "AUT-chT"]
[Site "?"]
[Date "1989.??.??"]
[Round "?"]
[White "Titz, Heimo"]
[Black "Janetschek, Karl"]
[Result "1/2-1/2"]
[WhiteElo "2210"]
[BlackElo "2345"]

1.c4 e5 2.g3 Nf6 3.Bg2 Nc6 4.Nc3 Bb4 5.d3 O-O 6.Bd2 Re8 7.Nf3 d5 8.Nxd5 Nxd5
9.cxd5 Qxd5 10.O-O Bxd2 11.Qxd2 Bg4 12.Ng5 Qd7 13.Rac1 Nd4 14.Rfe1 h6 15.e3 Ne2+
16.Rxe2 Bxe2 17.Qxe2 hxg5 18.Bxb7 c6 19.Bxa8 Rxa8 20.Rc5 Qe6 21.Qc2 Qxa2
22.Rxc6 Rb8 23.Rc8+ Rxc8 24.Qxc8+ Kh7 25.Qf5+ Kh6 26.Qxe5 Qb1+ 27.Kg2 Qxd3
28.g4 Qc4 29.Kg3 Qf1 30.Qd5 Qg1+ 31.Qg2 Qc1 32.Qh3+ Kg6 33.Qh5+ Kf6 34.Qh7 Qg1+
35.Kf3 Qd1+ 36.Kg3 Qg1+  1/2-1/2

[Event "AUT-chT"]
[Site "?"]
[Date "1989.??.??"]
[Round "?"]
[White "Hoelzl, Franz"]
[Black "Dueckstein, Andreas"]
[Result "1/2-1/2"]
[WhiteElo "2350"]
[BlackElo "2345"]

1.c4 e5 2.g3 Nf6 3.Bg2 d5 4.cxd5 Nxd5 5.Nf3 Nc6 6.O-O Be7 7.d4 e4 8.Ne5 Bf5
9.Nxc6 bxc6 10.Qa4 Qd7 11.Nc3 Nxc3 12.bxc3 O-O 13.Rb1 Rfe8 14.Rb7 a5 15.Bf4 Bd6
16.Bxd6 Qxd6 17.e3 Bc8 18.Rb2 Ba6 19.c4 h5 20.h4 Bc8 21.Rfb1 Bg4 22.Qc2 Qe7
23.Rb7 g6 24.d5 cxd5 25.cxd5 Qe5 26.R1b5 Re7 27.Rb8+ Rxb8 28.Rxb8+ Kh7 29.Rb5 c6
30.Rxa5 cxd5 31.Qc5 Rd7 32.Bf1 Rc7 33.Qf8 Qa1 34.Ra8 Bh3 35.Qg8+ Kh6  1/2-1/2

[Event "Bad Mergentheim op"]
[Site "Bad Mergentheim"]
[Date "1989.??.??"]
[Round "?"]
[White "Smejkal, Jan"]
[Black "Kuban, Guenther"]
[Result "1-0"]
[WhiteElo "2545"]
[BlackElo "2260"]

1.c4 e5 2.g3 g6 3.Bg2 Bg7 4.Nc3 Ne7 5.e3 O-O 6.Nge2 d6 7.d4 c6 8.O-O Qc7
9.b3 f5 10.Ba3 Rd8 11.Qd2 Qa5 12.Bb2 Be6 13.Rfd1 Rd7 14.d5 Bf7 15.e4 Na6
16.dxc6 Nxc6 17.Nb5 Qxd2 18.Rxd2 Rad8 19.Rad1 Bf8 20.Ba3 Nab4 21.Nxa7 d5
22.Nxc6 bxc6 23.cxd5 fxe4 24.d6 Nd5 25.Bxe4 Ra8 26.Bc5 Bxd6 27.Bxd6 Rxd6
28.Rc1 Rf6 29.Rcc2 Rf8 30.Nc3 Nb4 31.Rc1 Ra8 32.Re1 Nd5 33.Bxd5 cxd5 34.Rxe5 d4
35.Rxd4 Rc6 36.Re3 Be6 37.Kg2 Kf7 38.g4 h6 39.h3 Ra5 40.Kg3 Rac5 41.Rdd3 h5
42.Ne4 Rc1 43.Ng5+ Kf6 44.Rxe6+ Kxg5 45.Rd5+ Kh6 46.Rxh5+ Kg7 47.Rxc6 Rxc6
48.Rb5 Kh6 49.h4 Rc3+ 50.f3 Rc1 51.h5  1-0

[Event "FRG-ch"]
[Site "Bad Neuenahr"]
[Date "1989.??.??"]
[Round "?"]
[White "Sehner, Norbert"]
[Black "Wegner, Hannu"]
[Result "1/2-1/2"]
[WhiteElo "2415"]
[BlackElo "2350"]

1.c4 e5 2.g3 Nc6 3.Bg2 g6 4.Nc3 Bg7 5.e3 f5 6.Nge2 Nf6 7.O-O O-O 8.d3 Ne7
9.f4 exf4 10.gxf4 d6 11.Qb3 c6 12.Bd2 Rb8 13.Rae1 Be6 14.Qa3 a6 15.Nd4 Bf7
16.Nd1 Qd7 17.b3 Kh8 18.Nf3 c5 19.Bc3 b5 20.Qb2 Bg8 21.Qd2 Nc6 22.Nf2 Rbe8
23.Re2 Re7 24.Rfe1 Rfe8  1/2-1/2

[Event "FRG-ch"]
[Site "Bad Neuenahr"]
[Date "1989.??.??"]
[Round "?"]
[White "Sehner, Norbert"]
[Black "Ott, Frank"]
[Result "1-0"]
[WhiteElo "2415"]
[BlackElo "2305"]

1.c4 e5 2.g3 Nc6 3.Bg2 g6 4.Nc3 Bg7 5.e3 d6 6.d3 Nge7 7.Rb1 a5 8.Nge2 Bf5
9.a3 Qd7 10.h3 h5 11.Nd5 O-O 12.Nec3 Rab8 13.b4 axb4 14.axb4 Nd8 15.Nxe7+ Qxe7
16.O-O Qd7 17.Kh2 Be6 18.b5 f5 19.Nd5 Bf7 20.e4 Ne6 21.exf5 gxf5 22.f4 Bg6
23.Bf3 c6 24.Nb4 cxb5 25.cxb5 Nd4 26.Bxh5 Bxh5 27.Qxh5 Qxb5 28.Be3 Rbc8 29.Bxd4 exd4
30.Rf2 Rc3 31.Re2 Rxd3 32.Nxd3 Qxb1 33.Qf3 Qb5 34.Rb2 Qc6 35.Qg2 Qe4 36.Nf2 Qxg2+
37.Kxg2 Rb8 38.Rb6 Kf7 39.g4 fxg4 40.hxg4 Ke7 41.Kf3 Kd7 42.Ne4 Kc7 43.Rb3 Kc6
44.g5 b5 45.f5 Be5 46.f6 d5 47.Nf2 Kd7 48.Ng4 Ke6 49.Rb1 Kf5 50.Nxe5 Kxe5
51.Kg4 d3 52.Rd1 b4 53.Rxd3 b3 54.Re3+ Kd6 55.f7 b2 56.Re1 Rc8 57.g6 Kd7
58.g7 Rc1 59.f8=Q Rxe1 60.Qf7+  1-0

[Event "Belfort op"]
[Site "Belfort"]
[Date "1989.??.??"]
[Round "1"]
[White "Jadoul, Michel"]
[Black "Schall, D."]
[Result "1-0"]
[WhiteElo "2395"]
[BlackElo "1710"]

1.c4 e5 2.g3 Nf6 3.Bg2 Nc6 4.Nc3 Be7 5.a3 O-O 6.e3 d6 7.Nge2 Rb8 8.d4 exd4
9.exd4 Bf5 10.h3 h6 11.b4 Nd7 12.Nd5 Nb6 13.Ne3 Bh7 14.O-O Bf6 15.Ra2 Re8
16.c5 dxc5 17.dxc5 Na8 18.Rd2 Qc8 19.Nd5 Qf5 20.g4 Qg6 21.Nef4 Qg5 22.Nxf6+ Qxf6
23.Nh5 Qe6 24.Bb2 Ne5 25.Re2 Rbd8 26.Rxe5 Rxd1 27.Rxd1 Qc8 28.Bxb7 Qb8 29.Rxe8+ Qxe8
30.Bxg7 Qb8 31.Bf6 Bd3 32.Rxd3 Qxb7 33.Rd8+ Kh7 34.Rh8+ Kg6 35.f4  1-0

[Event "GMA-qual"]
[Site "Belgorod"]
[Date "1989.??.??"]
[Round "?"]
[White "Buturin, Vladimir"]
[Black "Reprintsev, Alexander"]
[Result "1-0"]
[WhiteElo "2375"]
[BlackElo "2310"]

1.c4 e5 2.g3 f5 3.Bg2 Nf6 4.Nc3 Be7 5.d4 exd4 6.Qxd4 Nc6 7.Qd2 O-O 8.Nh3 Bb4
9.O-O Ne7 10.Rd1 Ne4 11.Bxe4 fxe4 12.Ng5 b5 13.Ne6 Qe8 14.Nxf8 Qxf8 15.Qd4 d6
16.Bg5 Bxc3 17.bxc3 Bb7 18.Bxe7 Qxe7 19.cxb5 Qe6 20.c4 h5 21.c5 Rf8 22.c6 Bc8
23.Qd5 Rf5 24.Qxe6+ Bxe6 25.a4 Bc4 26.Rd4 d5 27.Kf1 h4 28.Rc1 hxg3 29.hxg3 e3
30.f4 Rh5 31.Rcxc4 dxc4 32.Rxc4 Rh2 33.Re4  1-0

[Event "GMA-qual"]
[Site "Belgorod"]
[Date "1989.??.??"]
[Round "?"]
[White "Donchenko, Anatoly G"]
[Black "Shahtahtinsky, Alekper"]
[Result "1-0"]
[WhiteElo "2370"]
[BlackElo "2300"]

1.c4 e5 2.g3 Nf6 3.Bg2 d5 4.cxd5 Nxd5 5.Nc3 Ne7 6.Nf3 Nbc6 7.b4 a6 8.a3 g6
9.Bb2 Bg7 10.d3 O-O 11.O-O Nd4 12.Nd2 c6 13.Nc4 Nd5 14.e3 Nxc3 15.Bxc3 Nb5
16.Bxe5 f6 17.Bb2 Be6 18.Qc2 Re8 19.a4 Nc7 20.Na5 Rb8 21.e4 Qe7 22.Ba3 Qf7
23.Bb2 Red8 24.Rfd1 Rd6 25.d4 f5 26.f3 b6 27.e5 Rd7 28.Nxc6 Rc8 29.Rdc1 g5
30.Qe2 f4 31.b5 a5 32.d5 Nxd5 33.Bd4 Rf8 34.g4 h5 35.h3 hxg4 36.hxg4 Bxg4
37.fxg4 f3 38.Qxf3 Qxf3 39.Bxf3 Rxf3 40.e6 Rd6 41.e7 Nxe7 42.Nxe7+ Kf7 43.Bxg7 Kxe7
44.Be5 Rd2 45.Re1 Rc2 46.Rad1 Ra2 47.Bd4+ Kf7 48.Rf1 Rxf1+ 49.Kxf1 Ke6 50.Ra1  1-0

[Event "Belgrade (Women)"]
[Site "Belgrade"]
[Date "1989.??.??"]
[Round "5"]
[White "Chelushkina, Irina"]
[Black "Maksimovic, Suzana"]
[Result "1-0"]
[WhiteElo "2310"]
[BlackElo "2235"]

1.c4 e5 2.g3 Nc6 3.Bg2 g6 4.Nc3 Bg7 5.d3 Nge7 6.h4 d6 7.h5 f5 8.hxg6 hxg6
9.Rxh8+ Bxh8 10.Bg5 Be6 11.Qa4 Qd7 12.O-O-O Nd8 13.Qxd7+ Kxd7 14.Nf3 c6 15.Nh4 Bf7
16.e4 fxe4 17.dxe4 Ne6 18.Bh3 b6 19.b4 Re8 20.b5 Bg7 21.Kb2 Kc7 22.Bxe7 Rxe7
23.bxc6 Kxc6 24.Nd5 Re8 25.Bxe6 Rxe6 26.Rd3 Bh6 27.Ra3 Kb7 28.Rf3 Be8 29.Kb3 Bg5
30.Rf8 a6 31.Nf3 Bd8 32.Rg8 b5 33.cxb5 axb5 34.Kb4 Kc6 35.a3 Kb7 36.Rg7+ Kc8
37.Nd2 g5 38.Ra7 Bc6 39.Rf7 Be8 40.Rf8 Kb7 41.Rg8 Ka6 42.Kb3 Kb7 43.Nb1 Kc8
44.Nbc3 Bf7 45.Rf8 Rf6 46.Kb4 Rxf2 47.Nb6+ Kb7 48.Rxd8 Kxb6 49.Rxd6+ Kb7
50.Nxb5 Rf3 51.Kc5 Kc8 52.Rd2 Bg6 53.a4 Rxg3 54.a5 Re3 55.Rd5 Kb7 56.Rxe5 Ka6
57.Re7  1-0

[Event "Benidorm op"]
[Site "Benidorm"]
[Date "1989.??.??"]
[Round "?"]
[White "Bofill, Alejandro"]
[Black "Hodgson, Julian M"]
[Result "1/2-1/2"]
[WhiteElo "2375"]
[BlackElo "2545"]

1.c4 e5 2.g3 Nc6 3.Bg2 h5 4.h4 Nf6 5.Nc3 Bc5 6.e3 d6 7.Nge2 Bg4 8.f3 Bf5
9.d4 Bb6 10.a3 O-O 11.Na4 exd4 12.Nxb6 axb6 13.e4 Be6 14.b3 Nd7 15.Nxd4 Qf6
16.Be3 Qg6 17.Ne2 f5 18.exf5 Bxf5 19.Kf2 Bc2 20.Qd5+ Qf7 21.Bh3 Nf6 22.Qxf7+ Rxf7
23.Nf4 Re8 24.b4 Ne5 25.Rac1 Bb3 26.Bd4 c5 27.Ba1 Nxc4 28.Bxf6 Rxf6 29.Rc3 Ba2
30.Ra1 Nb2 31.Rc2 Nd1+ 32.Rxd1 Bb3 33.Rcd2 Bxd1 34.Rxd1 Ra8 35.Be6+ Kf8 36.Rxd6 c4
37.Rxb6 Ra7 38.Nd5 c3 39.Rd6 Ra8 40.Nxc3 Re8 41.Rb6 Re7 42.Rb5 Rfxe6 43.Rxh5 Rc6
44.Ne4 Rc2+ 45.Ke3 Rc3+ 46.Kd4 Rxa3 47.Rh8+ Kf7 48.Rb8 Ke6 49.b5 Rc7 50.Nc5+ Kf7
51.b6 Re7 52.Rxb7 Rxb7 53.Nxb7 Ke7 54.Nc5 Kd6 55.f4 Kc6 56.b7 Kc7 57.g4 g6
58.Ne6+ Kxb7 59.Nf8 Ra6 60.Nxg6 Rxg6 61.g5 Kc6 62.h5 Rg8 63.h6 Kd6 64.Ke4 Ke6
65.f5+ Kf7 66.Kf4  1/2-1/2

[Event "Benidorm op"]
[Site "Benidorm"]
[Date "1989.??.??"]
[Round "?"]
[White "Corbi, J."]
[Black "Hodgson, Julian M"]
[Result "0-1"]
[WhiteElo "2200"]
[BlackElo "2545"]

1.c4 e5 2.g3 f5 3.Bg2 Nf6 4.Nc3 Bb4 5.Nd5 Nxd5 6.cxd5 O-O 7.a3 Ba5 8.b4 Bb6
9.d3 a5 10.b5 a4 11.Nh3 d6 12.O-O h6 13.Be3 Nd7 14.Bxb6 Nxb6 15.f4 Ra5 16.Rb1 Bd7
17.fxe5 dxe5 18.e4 fxe4 19.Qh5 Nxd5 20.Rxf8+ Qxf8 21.Qxe5 Qc5+ 22.Nf2 Rxb5
23.Rxb5 Qc1+ 24.Bf1 Ne3 25.Nd1 Qxd1  0-1

[Event "Benidorm op"]
[Site "Benidorm"]
[Date "1989.??.??"]
[Round "?"]
[White "Martin, Andrew D"]
[Black "Doncevic, Dario"]
[Result "1-0"]
[WhiteElo "2415"]
[BlackElo "2360"]

1.c4 e5 2.g3 Nf6 3.Bg2 d5 4.cxd5 Nxd5 5.Nf3 Nc6 6.O-O Nb6 7.d3 Be7 8.a3 O-O
9.Nbd2 a5 10.b3 f6 11.Bb2 Be6 12.Qc2 Qd7 13.Rfe1 Rfd8 14.Rac1 Bf8 15.Ne4 Qf7
16.Nfd2 Bd5 17.e3 Rd7 18.Bf1 Nd8 19.f4 exf4 20.gxf4 Nc6 21.Ng3 Qg6 22.Nc4 Re8
23.Qf2 h5 24.Bh3 Rde7 25.Bf5 Qf7 26.Ne4 Nxc4 27.bxc4 Bxe4 28.Bxe4 Rxe4 29.dxe4 Rxe4
30.Qg2 Qe8 31.Bxf6 Rxe3 32.Kf2 Bc5 33.Qxg7+  1-0

[Event "Benidorm op"]
[Site "Benidorm"]
[Date "1989.??.??"]
[Round "?"]
[White "Gil Reguera, Juan Carlos"]
[Black "Bass, Leonid"]
[Result "1/2-1/2"]
[WhiteElo "2405"]
[BlackElo "2430"]

1.c4 e5 2.g3 g6 3.Bg2 Bg7 4.Nc3 Nc6 5.e3 d6 6.Nge2 Nge7 7.d3 O-O 8.O-O Bg4
9.h3 Be6 10.Nd5 Qd7 11.Kh2 f5 12.f4 Rae8 13.Rb1 Nc8 14.b3 Nd8 15.Bb2 c6 16.Ndc3 Kh8
17.Qd2 Bg8 18.d4 exf4 19.exf4 d5 20.c5 Ne6 21.Nd1 g5 22.Nf2 gxf4  1/2-1/2

[Event "Bern"]
[Site "Bern"]
[Date "1989.??.??"]
[Round "?"]
[White "Flueckiger, Christian"]
[Black "Herzog, Juerg"]
[Result "1-0"]
[WhiteElo "2260"]
[BlackElo "2200"]

1.g3 e5 2.c4 Nf6 3.Bg2 Nc6 4.Nc3 g6 5.d3 Bg7 6.e4 d6 7.Nge2 Be6 8.Nd5 Qd7
9.Bh6 O-O 10.Nxf6+ Bxf6 11.Bxf8 Rxf8 12.O-O Bg7 13.Qd2 b6 14.Rae1 a5 15.b3 Kh8
16.f4 f5 17.exf5 gxf5 18.Kh1 Bf6 19.Qe3 Nb4 20.Qd2 Nc6 21.g4 fxg4 22.fxe5 Nxe5
23.Qh6 Qg7 24.Qxg7+ Bxg7 25.Rxf8+ Bxf8 26.Nf4 Bd7 27.d4 Bh6 28.dxe5 Bxf4
29.e6 Be8 30.Rf1 Bh6 31.e7  1-0

[Event "Biel op"]
[Site "Biel"]
[Date "1989.??.??"]
[Round "1"]
[White "Schneider, B."]
[Black "Habibi, Ali"]
[Result "1-0"]
[WhiteElo "2475"]
[BlackElo "2245"]

1.c4 e5 2.g3 Nf6 3.Bg2 d5 4.cxd5 Nxd5 5.Nc3 Nb6 6.Nf3 Nc6 7.O-O Be7 8.a3 O-O
9.b4 a6 10.d3 Be6 11.Bb2 f5 12.Rc1 Bf6 13.Nd2 Qe8 14.Na4 Nxa4 15.Qxa4 Bd7
16.Rc5 Nd4 17.Qd1 Ba4 18.Qa1 c6 19.e3 Ne6 20.Rcc1 Rd8 21.Bxe5 Bxe5 22.Qxe5 Rxd3
23.Nc4 Bb5 24.Nd6 Rxd6 25.Qxd6 Bxf1 26.Bxf1 Kh8 27.h4 g6 28.Bc4 Ng7 29.Rd1 Qa8
30.Qe7 Re8 31.Qg5 Qc8 32.Rd6 Qc7 33.Rxg6 b5 34.Bb3 Rf8 35.h5  1-0

[Event "Spring op"]
[Site "Budapest"]
[Date "1989.??.??"]
[Round "?"]
[White "Donchenko, Anatoly G"]
[Black "Syre, Christian"]
[Result "1-0"]
[WhiteElo "2370"]
[BlackElo "2270"]

1.c4 e5 2.g3 g6 3.Nc3 Bg7 4.Bg2 d6 5.Nf3 f5 6.d3 Nf6 7.O-O O-O 8.c5 Kh8 9.cxd6 cxd6
10.Bd2 Nc6 11.Rb1 d5 12.b4 e4 13.Ne1 d4 14.Na4 Be6 15.b5 Ne7 16.a3 Ba2 17.Rb4 Bg8
18.Qa1 e3 19.fxe3 dxe3 20.Bc1 Ned5 21.Bxd5 Nxd5 22.Bb2 Rf6 23.Rd4 Qe7 24.Nc3 Nxc3
25.Bxc3 Rc8 26.Bb2 Rb6 27.Rb4 Rc5 28.Bxg7+ Qxg7 29.Qb1 Qc3 30.a4 Ba2 31.Qb2 a5
32.Qxc3+ Rxc3 33.Rd4 Rc7 34.g4 fxg4 35.Ng2 Re6 36.Rxg4 Kg7 37.Rd4 Re5 38.h4 Ree7
39.Nf4 Rc2 40.Kg2 Bb3 41.Rb1 Ba2 42.Ra1 Bf7 43.Kf3 h6 44.Rg1 Kf6 45.Nxg6 Re8
46.Rf4+ Kg7 47.Ne5+  1-0